| 000 | 01759cam a22004334i 4500 | ||
|---|---|---|---|
| 003 | PE-LiUPU | ||
| 005 | 20250731172801.0 | ||
| 008 | 150617s1953 fr r 000 0 fre d | ||
| 035 | _a(Sirsi) a13108 | ||
| 040 |
_aPE-LiUPU _bspa _cPE-LiUPU _dPE-LiUPU _erda |
||
| 049 | _aPRUA | ||
| 082 | 0 | 4 |
_a229 _bR86 _221 |
| 100 | 1 |
_aRops, Daniel, _eautor. |
|
| 245 | 1 | 3 |
_aLa bible apocryphe : _ben marge de l'ancien testament / _cDaniel Rops. |
| 264 | 1 |
_aParís : _bLibrairie Arthème Fayard, _c1953. |
|
| 300 |
_a336 páginas ; _c18 centímetros |
||
| 336 |
_atext _2rdacontent |
||
| 337 |
_aunmediated _2rdamedia |
||
| 338 |
_avolume _2rdacarrier |
||
| 505 | 0 | _aLe livre d'Hénoch -- Le livre des jubilés ou petite genèse -- Les testaments des douze patriarches -- Les psaumes de Salomon -- La noovelle alliance de Damas -- Les livres sibyllins -- La lettre d'aristée -- La vie d'Adam et Ève -- L'assomption de Moïse -- Les livres des secrets d'Hénoch -- L'ascension s'Isaïe -- Le quatrième livre des Macchabées -- Le quatrième livre d'Esdras -- Le second livre de Baruch -- Le troisième livre de Baruch. | |
| 526 | _aSEG42 | ||
| 526 | _aSEG41 | ||
| 526 | _aSEG40 | ||
| 526 | _aSEG39 | ||
| 526 | _aP94 | ||
| 526 | _aP87 | ||
| 526 | _aP86 | ||
| 526 | _aP85 | ||
| 526 | _aP77 | ||
| 526 | _aP76 | ||
| 526 | _aP35 | ||
| 630 |
_aBiblia _pA.T. _pApócrifos _lFrancés _f1953. |
||
| 910 |
_ajck _bjvq _cjck _d20150616 |
||
| 942 |
_2ddc _cBOOK |
||
| 994 |
_aC0 _bPEPRU |
||
| 596 | _a1 | ||
| 999 |
_a229 R86 _wDEWEY _c3441 _i00121 _d3441 _e2017-5-21 _f2021-11-9 _g5 _lCCODEBUL1 _mBUL _n1 _p10.00 _r0 _sY _tBOOK _u2015-6-17 _xTEOLOGIA _PP35 _0COMPRA _o.STAFF. Colección Teología |
||
| 980 |
_81 _gALBERTO SANCHEZ Responsable de Automatización |
||